Statistics for Countries with highest number of people in extreme poverty

Click here to take the quiz!

General Stats

  • This quiz has been taken 101 times
    (37 since last reset)
  • The average score is 25 of 30

Answer Stats

RankCountryPeople living in extreme poverty% Correct
3.India44.2 million
100%
13.Pakistan11.8 million
97%
2.Democratic Republic of the Congo67.9 million
94%
22.Ethiopia8.8 million
94%
16.Niger10.1 million
94%
1.Nigeria71.3 million
94%
21.Kenya9 million
91%
27.Somalia7.1 million
91%
4.Tanzania25.9 million
91%
29.Bangladesh6.7 million
88%
28.Chad7.1 million
88%
8.Uganda16.4 million
88%
19.Indonesia9.7 million
85%
30.Mali6.4 million
85%
26.Sudan7.1 million
85%
24.Afghanistan7.6 million
79%
9.Angola15.5 million
79%
14.Brazil11.1 million
79%
5.Mozambique20.9 million
79%
10.South Sudan12.6 million
79%
23.Zimbabwe7.8 million
79%
6.South Africa18.2 million
76%
20.Yemen9.6 million
76%
15.Malawi10.9 million
74%
17.Zambia10 million
74%
11.Venezuela12.1 million
68%
25.Burkina Faso7.6 million
65%
18.Burundi9.7 million
62%
12.Philippines11.9 million
62%
7.Madagascar17.1 million
56%

Score Distribution

Percentile by Number Answered

Percent of People with Each Score

Your Score History

You have not taken this quiz since the last reset